Pebbles on the shore [by] Alpha of the plough

Saved in:
Bibliographic Details
Main Author: Gardiner, A. G., 1865-1946 (Alfred George)
Format: Electronic eBook
Language:English
Published: Project Gutenberg, 2004
Series:Project Gutenberg 10675
Subjects:
Online Access:http://www.gutenberg.org/etext/10675
Rights
Tags: Add Tag
No Tags, Be the first to tag this record!
Call Number :PR

MARC

LEADER 00000cam a22000003a 4500
001 59013
003 MY-KLNDU
005 20241219020007.0
008 210402s2004||||xxu|||||s|||||000 e eng d
035 |a (PGUSA)10675 
039 9 |y 202104021351  |z VLOAD 
040 |a PGUSA  |b eng 
042 |a dc 
050 4 |a PR 
100 1 |a Gardiner, A. G., 1865-1946  |q (Alfred George) 
245 1 0 |a Pebbles on the shore [by] Alpha of the plough  |h [electronic resource] /  |c by A. G., 1865-1946 Gardiner 
260 |b Project Gutenberg,  |c 2004 
500 |a Project Gutenberg 
506 |a Freely available. 
516 |a Electronic text 
599 |a Dummy Record 
653 0 |a Essays 
740 0 |a On choosing a name -- On letter-writing -- On reading in bed -- On cats and dogs -- "W.G." -- On seeing visions -- On black sheep -- The village and the war -- On rumour -- On umbrella morals -- On talking to one's self -- On Boswell and his mir 
830 0 |a Project Gutenberg  |v 10675 
856 4 0 |u http://www.gutenberg.org/etext/10675 
856 4 2 |u http://www.gutenberg.org/license  |3 Rights 
999 |a vtls000068460  |c 59013  |d 59013